000
00313nam a2200133Ia 4500
008
151001s9999||||xx |||||||||||||| ||und||
100
_a
मंगला कुलकर्णी
245
_a
साद
250
_a
1
260
_b
शकून
260
_c
1985
300
_a
112
365
_b
18
999
_c
965473
_d
965470